[Event "76th ch-BUL SF 2012"]
[Site "Plovdiv BUL"]
[Date "2012.02.11"]
[Round "8"]
[White "Petrov,Pl"]
[Black "Stankov,A"]
[Result "1-0"]
[WhiteElo "1890"]
[BlackElo "1916"]

1.e4 c5 2.c3 Nf6 3.e5 Nd5 4.Nf3 g6 5.d4 cxd4 6.cxd4 Nc6 7.Bc4 Nb6 8.Bb3 Bg7
9.O-O O-O 10.Nc3 d6 11.exd6 Qxd6 12.Ne4 Qd8 13.d5 Nb4 14.d6 Bg4 15.Bg5 Re8
16.dxe7 Qxd1 17.Raxd1 h6 18.Nf6+ Bxf6 19.Bxf6 Nd7 20.Rxd7 Bxd7 21.Ne5 Be6
22.Ba4 Nc6 23.Nxc6 bxc6 24.Bxc6 Rac8 25.Bxe8 Rxe8 26.Rd1 Bc4 27.Rd8 Bb5 28.f4 g5
29.Rxe8+ Bxe8 30.fxg5 Kh7 31.gxh6 Kxh6 32.Kf2 Kg6 33.Bd4 a6 34.Ke3 Kf5 35.h3 Ke6
36.Bc5 Kd5 37.Bb4 Ke5 38.g4 f5 39.gxf5 Kxf5 40.Kd4 Kg5 41.Kc5 Kh4 42.Kb6 Bb5
43.b3 Kxh3 44.a4 Be8 45.Kxa6 Kg4 46.Kb6  1-0

[Event "FSGM February"]
[Site "Budapest HUN"]
[Date "2012.02.12"]
[Round "9.6"]
[White "Manca,F"]
[Black "Zakhartsov,Vi"]
[Result "1-0"]
[WhiteElo "2425"]
[BlackElo "2578"]

1.e4 c5 2.c3 Nf6 3.e5 Nd5 4.d4 cxd4 5.Nf3 e6 6.cxd4 d6 7.Bc4 Nb6 8.Bd3 Nc6
9.O-O Nb4 10.Bg5 Be7 11.Bxe7 Qxe7 12.Nc3 Nxd3 13.Qxd3 dxe5 14.dxe5 Bd7 15.Ne4 O-O
16.Nd4 Nd5 17.Qg3 Rac8 18.Rad1 a6 19.Rfe1 Kh8 20.Nd6 Rc7 21.h3 h6 22.Re4 Rg8
23.Ree1 Ba4 24.Rc1 Rd8 25.Kh2 Be8 26.f4 Rxc1 27.Rxc1 Rxd6 28.exd6 Qxd6 29.Rc8 Nf6
30.Nf3 Qd7 31.Ra8 Qa4 32.Ne5 Kh7 33.Qd3+ Kg8 34.Qc4 Qxc4 35.Nxc4 Kh7 36.Nd6 Bc6
37.Nxf7 Bd5 38.g4 g6 39.b3 Ne4 40.h4 Kg7 41.Ne5 g5 42.fxg5 hxg5 43.h5 Nc3
44.Rc8 Nb5 45.a4 Nd4 46.Rc7+ Kf6 47.Nd7+ Ke7 48.Nb6+  1-0

[Event "TCh-LTU 2012"]
[Site "Lithuania LTU"]
[Date "2012.02.12"]
[Round "5"]
[White "Plunge,G"]
[Black "Einikis,V"]
[Result "1/2-1/2"]
[WhiteElo "2037"]
[BlackElo "2212"]

1.e4 c5 2.c3 Nf6 3.e5 Nd5 4.d4 cxd4 5.Nf3 Nc6 6.cxd4 e6 7.Bd3 d6 8.O-O dxe5
9.dxe5 g6 10.Bg5 Qc7 11.Nc3 h6 12.Nb5 Qb8 13.Bh4 a6 14.Nc3 Nxc3 15.bxc3 Bg7
16.Be4 O-O 17.Bxc6 bxc6 18.Be7 Re8 19.Rb1 Qa7 20.Bd6 a5 21.Qd2 Ba6 22.Rfd1 Bc4
23.a3 c5 24.h4 Bd5 25.Qf4 Rac8 26.c4 Bc6 27.Nd2 Qa8 28.f3 Red8 29.Rb6 Rd7
30.Rdb1 Rb7 31.Qe3 Rxb6 32.Rxb6 h5 33.Bxc5 Kh7 34.Be7 Bh6 35.Bg5 Bf8 36.Rb1 Rc7
37.Kh2 Rb7 38.c5 Rxb1 39.Nxb1 Qa7 40.Nd2 Qxc5 41.Qf4 Kg8 42.Nc4 Qa7 43.Nd6 Qc7
44.Qd4 a4 45.Qc5 Qd7 46.Bf6 Qc7 47.Kg3 Qd7 48.Kh3 Kh7 49.Kg3 Kg8 50.Kh3  1/2-1/2

[Event "76th ch-BUL SF 2012"]
[Site "Plovdiv BUL"]
[Date "2012.02.12"]
[Round "9"]
[White "Mogilarov,D"]
[Black "Stankov,A"]
[Result "1-0"]
[WhiteElo "2189"]
[BlackElo "1916"]

1.e4 c5 2.c3 Nf6 3.e5 Nd5 4.d4 d6 5.Nf3 g6 6.Bc4 Nb6 7.Bb3 cxd4 8.cxd4 Bg7
9.O-O O-O 10.Nc3 Nc6 11.Bf4 Bg4 12.Re1 Bxf3 13.gxf3 dxe5 14.dxe5 Nd4 15.Kg2 Nxb3
16.Qxb3 e6 17.Red1 Qe7 18.Ne4 h6 19.Nf6+ Bxf6 20.exf6 Qxf6 21.Bxh6 Rfd8 22.Be3 Nd5
23.Qxb7 Rdb8 24.Qc6 Qxb2 25.Bd4 Nf4+ 26.Kh1 Qb7 27.Qe4 Qxe4 28.fxe4 Rd8 29.Bf6 Rd3
30.Rxd3 Nxd3 31.Kg2 Rc8 32.Rd1 Nf4+ 33.Kf3 Nh5 34.Be5 f6 35.Bd4 Rc7 36.Rb1 Kf7
37.Rb8 e5 38.Be3 f5 39.Ra8 Nf6 40.exf5 gxf5 41.Rxa7 Rxa7 42.Bxa7 Kg6 43.a4 e4+
44.Ke2 f4 45.a5 Nd5 46.Bc5 Kh5 47.a6 Kh4 48.a7 Nc7 49.Bd6 f3+ 50.Ke3  1-0

[Event "FSGM February"]
[Site "Budapest HUN"]
[Date "2012.02.13"]
[Round "10.1"]
[White "Annageldyev,O"]
[Black "Zakhartsov,Vi"]
[Result "1/2-1/2"]
[WhiteElo "2396"]
[BlackElo "2578"]

1.e4 c5 2.c3 Nf6 3.e5 Nd5 4.d4 cxd4 5.Nf3 e6 6.cxd4 d6 7.a3 Bd7 8.Bd3 Bc6
9.O-O Nd7 10.Re1 Be7 11.exd6 Bxd6 12.Nc3 O-O 13.Ne4 Bf4 14.Be3 N7f6 15.Bxf4 Nxf4
16.Bc2 Rc8 17.Qd2 Nxe4 18.Bxe4 Bxe4 19.Rxe4 Nd5 20.Ree1 Qb6 21.Rac1 Rcd8
22.h3 a6 23.Qc2 Rd7 24.Qd2 Ne7 25.Re4 Nf5 26.Qc3 h6 27.b4 Nd6 28.Rg4 Rc8
29.Qe3 Rxc1+ 30.Qxc1 Nf5 31.Ne5 Rc7 32.Qd2 Qd6 33.Rf4 Qd5 34.h4 Qb3 35.Kh2 Qb1
36.Qd3 Qa1 37.Nf3 Ne7 38.Qe4 Nd5 39.Qe5 Nxf4 40.Qxc7 Nd5 41.Qxb7 Qf1 42.Qc8+ Kh7
43.Qc2+  1/2-1/2

[Event "ch-Central Serbia 2012"]
[Site "Pozarevac SRB"]
[Date "2012.02.13"]
[Round "1.2"]
[White "Pap,M"]
[Black "Andrejic,V"]
[Result "1-0"]
[WhiteElo "2512"]
[BlackElo "2170"]

1.e4 c5 2.c3 Nf6 3.e5 Nd5 4.Nf3 e6 5.d4 cxd4 6.cxd4 d6 7.Bc4 Nc6 8.Qe2 Be7
9.O-O O-O 10.Qe4 Bd7 11.exd6 Bxd6 12.Nc3 Nxc3 13.bxc3 Be7 14.Bd3 f5 15.Qe2 Bf6
16.Bf4 Rc8 17.Rab1 Na5 18.Rfc1 g5 19.Bd6 Re8 20.Ne5 Ba4 21.Qh5 Bg7 22.Bb4 Nc6
23.Nf7 Qd7 24.Nxg5 h6 25.Nf3 Nxb4 26.Rxb4 a5 27.Rbb1 Rc7 28.Qg6 Rec8 29.c4 Qf7
30.Qg3 Kf8 31.Ne5 Qe8 32.Re1 Qd8 33.Ng6+ Kf7 34.Nf4 Bd7 35.Qg6+ Kg8 36.Nxe6 Bxe6
37.Qxe6+ Kh8 38.d5  1-0

[Event "ch-Central Serbia 2012"]
[Site "Pozarevac SRB"]
[Date "2012.02.13"]
[Round "1.14"]
[White "Vujic,M"]
[Black "Tonic,Milos"]
[Result "1-0"]
[WhiteElo "2329"]
[BlackElo "1962"]

1.e4 c5 2.c3 Nf6 3.e5 Nd5 4.d4 cxd4 5.Nf3 d6 6.cxd4 Nc6 7.Bc4 dxe5 8.Bxd5 Qxd5
9.Nc3 Qd6 10.d5 Nd4 11.Nxd4 exd4 12.Qxd4 e5 13.Qh4 Bf5 14.O-O Be7 15.Bg5 f6
16.Be3 Qb4 17.Qh5+ g6 18.Qe2 Kf7 19.f4 Bd6 20.a3 Qb3 21.g4 Bd7 22.Ne4 Qxd5
23.Nxd6+ Qxd6 24.Rad1 Qe6 25.fxe5  1-0

[Event "11th Aeroflot Open B"]
[Site "Moscow RUS"]
[Date "2012.02.15"]
[Round "9"]
[White "Kislinsky,A"]
[Black "Kalegin,E"]
[Result "1/2-1/2"]
[WhiteElo "2535"]
[BlackElo "2462"]

1.e4 c5 2.c3 Nf6 3.e5 Nd5 4.Bc4 e6 5.d4 d6 6.Qe2 cxd4 7.cxd4 Nc6 8.Nf3 Be7
9.O-O O-O 10.Re1 Bd7 11.Nc3 dxe5 12.dxe5 Nxc3 13.bxc3 Qa5 14.Rb1 Rab8 15.Bd3 Rfd8
16.Bg5 Be8 17.Qe4 g6 18.Bb5 Bxg5 19.Nxg5 h6 20.Nf3 a6 21.Qh4 h5 22.Bf1 Qxc3
23.Rb3 Qc5 24.Qg5 Nd4 25.Rc1 Nxf3+ 26.Rxf3 Qa5 27.Rfc3 Qxa2 28.Qf6 Bc6 29.g4 Qd5
30.Rxc6 bxc6 31.gxh5 Qd2 32.hxg6 Rd7 33.Rxc6 fxg6 34.Qxe6+ Rf7 35.Kh1 Qf4
36.Qxg6+ Kf8 37.Rf6 Rxf6 38.exf6 Rb7 39.Qg2 Rc7 40.Bxa6 Qxf6 41.Bf1 Rf7 42.Qa8+ Kg7
43.Bc4 Qxf2 44.Qg2+ Qxg2+ 45.Kxg2  1/2-1/2

[Event "ch-Central Serbia 2012"]
[Site "Pozarevac SRB"]
[Date "2012.02.18"]
[Round "8.1"]
[White "Markovic,Miros1"]
[Black "Rajkovic,Du"]
[Result "1-0"]
[WhiteElo "2460"]
[BlackElo "2422"]

1.e4 c5 2.c3 Nf6 3.d3 Nc6 4.Nf3 g6 5.g3 Bg7 6.Bg2 O-O 7.O-O d6 8.Re1 Bg4
9.h3 Bxf3 10.Bxf3 Rb8 11.Be3 b5 12.d4 cxd4 13.cxd4 Nd7 14.e5 Na5 15.exd6 exd6
16.b3 Nf6 17.Kg2 Re8 18.Nc3 Qd7 19.Rc1 d5 20.Bf4 Rxe1 21.Qxe1 Re8 22.Qd2 b4
23.Na4 Nc6 24.Qd3 Rc8 25.Nc5 Qe8 26.Be3 Ne7 27.Re1 Qc6 28.g4 Kf8 29.Rc1 Qd6
30.Qd2 h5 31.Bf4 Qd8 32.Qxb4 hxg4 33.hxg4 Kg8 34.Qb7 Ne4 35.Re1 Nc6 36.Nxe4 dxe4
37.Bxe4 Nxd4 38.Bd5  1-0

[Event "ch-ROU Men 2012"]
[Site "Sarata Monteoru ROU"]
[Date "2012.02.18"]
[Round "7.39"]
[White "Baciu,Radu-George"]
[Black "Acsinte,M"]
[Result "1/2-1/2"]
[WhiteElo "1767"]
[BlackElo "1997"]

1.e4 c5 2.c3 Nf6 3.e5 Nd5 4.d4 cxd4 5.cxd4 d6 6.Nf3 Nc6 7.Bc4 Nb6 8.Bb5 Bd7
9.exd6 e6 10.Bf4 a6 11.Be2 Qb8 12.Qb3 Nd5 13.Bg3 Bxd6 14.Bxd6 Qxd6 15.Nc3 Nf4
16.O-O O-O 17.Rfd1 Nxe2+ 18.Nxe2 Ne7 19.Ne5 Bc6 20.Nxc6 Qxc6 21.Rac1 Qd5
22.Qa3 Qd7 23.Qg3 Rac8 24.Nc3 Rfd8 25.Qf4 Rc4 26.Ne2 Nd5 27.Qd2 Rxc1 28.Rxc1 Rc8
29.f3 h6 30.a3 Rxc1+ 31.Qxc1 Qb5 32.Qc8+ Kh7 33.Qc2+ Kg8 34.Qc8+ Kh7 35.Qc2+ g6
36.Kf2 Qb6 37.b4 Qd6 38.g3 b6 39.Qc4 Nc7 40.Nc3 Qd7 41.Ne4 Kg7 42.Nc3 h5
43.a4 Nd5  1/2-1/2

[Event "US Amateur Team-ch East"]
[Site "Parsippany USA"]
[Date "2012.02.20"]
[Round "6"]
[White "Hess,Ro"]
[Black "Goletiani,R"]
[Result "1-0"]
[WhiteElo "2625"]
[BlackElo "2344"]

1.e4 c5 2.c3 Nf6 3.e5 Nd5 4.Nf3 e6 5.d4 cxd4 6.cxd4 d6 7.Bc4 Nb6 8.Bd3 Bd7
9.O-O Bc6 10.Nc3 N8d7 11.Bf4 dxe5 12.dxe5 Nc5 13.Bb5 Bxb5 14.Nxb5 Nd5 15.Bg5 Qd7
16.Na3 h6 17.Bh4 Be7 18.Nc4 O-O 19.Bxe7 Qxe7 20.Qd4 Rfd8 21.Nd6 b6 22.Nd2 Nc7
23.N2c4 Nb5 24.Qe3 Nxd6 25.exd6 Qg5 26.f4 Qd5 27.Rac1 Qe4 28.Qd2 Qd5 29.Qe3 Qe4
30.Qd2 Qd5 31.Rfd1 Qxd2 32.Rxd2 Ne4 33.Rd4 Nf6 34.Na3 Nd5 35.Rc6 Rac8 36.Rxc8 Rxc8
37.Nb5 Rd8 38.Ra4 Rd7 39.Rxa7 Rxa7 40.Nxa7 Kf8 41.Kf2 Ke8 42.Kf3 Kd7 43.Nb5 Nb4
44.a3 Nd3 45.b4 Kc6 46.Ke4 Nf2+ 47.Kd4 Ng4 48.a4 Nf6 49.Nc3 Ne8 50.Ne4 f5
51.Nd2 Nxd6 52.Nc4 Nc8 53.Ke5 Kd7 54.b5 Ke7 55.a5 bxa5 56.b6 Kd7 57.b7 Na7
58.Nxa5 Kc7 59.Kxe6  1-0

[Event "TCh-ISR 2011-12"]
[Site "Israel ISR"]
[Date "2012.02.24"]
[Round "9.1"]
[White "Godena,M"]
[Black "Gershon,A"]
[Result "1-0"]
[WhiteElo "2548"]
[BlackElo "2499"]

1.e4 c5 2.c3 Nf6 3.e5 Nd5 4.Nf3 e6 5.Bc4 Nb6 6.Bb3 d6 7.exd6 Bxd6 8.d4 cxd4
9.Qxd4 O-O 10.O-O Be7 11.Qe4 Bd7 12.Bc2 g6 13.Rd1 Nc6 14.Bh6 Re8 15.Nbd2 e5
16.Qe2 Qc7 17.Bb3 Bf8 18.Qe3 Bg7 19.Ne4 Be6 20.Bxe6 Rxe6 21.Nfg5 Re7 22.Qh3 Qc8
23.Qh4 f6 24.Nxh7 Kxh7 25.Bxg7+ Kxg7 26.Qxf6+ Kg8 27.Qxg6+ Rg7 28.Nf6+ Kf8
29.Nh7+ Kg8 30.Nf6+ Kf8 31.Qh6 Qe6 32.Rd3 Ne7 33.Nh7+ Kf7 34.Rf3+  1-0

[Event "TCh-CAT 2012"]
[Site "Catalunya ESP"]
[Date "2012.02.25"]
[Round "5.9"]
[White "Belsa Posino,X"]
[Black "Colon Garcia,E"]
[Result "1/2-1/2"]
[WhiteElo "2072"]
[BlackElo "2308"]

1.e4 c5 2.c3 Nf6 3.e5 Nd5 4.d4 cxd4 5.Nf3 Nc6 6.cxd4 d6 7.Bb5 Qa5+ 8.Nc3 Nxc3
9.Bxc6+ bxc6 10.Qd2 Qd5 11.Qxc3 Ba6 12.Be3 g6 13.Rc1 Rc8 14.Qb3 Qa5+ 15.Bd2 Qb5
16.Qxb5 Bxb5 17.Bf4 f6 18.e6 g5 19.Be3 Kd8 20.Kd2 h6 21.b4 f5 22.g3 Bg7 23.Rc2 f4
24.gxf4 gxf4 25.Bxf4 Rf8 26.Ke3 Rf6 27.d5 cxd5 28.Rxc8+ Kxc8 29.Nd4 Rxf4
30.Nxb5 Rxb4 31.Rc1+ Kd8 32.Rg1 d4+ 33.Kd3 Rxb5 34.Rxg7 Ra5 35.Rg8+ Kc7 36.Re8 d5
37.Rxe7+ Kd6 38.Rh7 Rxa2 39.e7 Kd7 40.Kxd4 Rxf2 41.Rxh6 Kxe7 42.Kxd5  1/2-1/2

[Event "PriFO Champ RUS 2012"]
[Site "Tolyatti RUS"]
[Date "2012.02.27"]
[Round "1.28"]
[White "Petukhov,D"]
[Black "Afanasiev,D2"]
[Result "1-0"]
[WhiteElo "2332"]
[BlackElo "2057"]

1.e4 c5 2.c3 Nf6 3.e5 Nd5 4.d4 cxd4 5.Nf3 e6 6.cxd4 Nc6 7.Nc3 Nxc3 8.bxc3 Be7
9.Bd3 d6 10.exd6 Qxd6 11.O-O b6 12.a4 Qc7 13.Re1 Bb7 14.d5 Nd8 15.Bb5+ Kf8
16.dxe6 Nxe6 17.Nd4 Nc5 18.Qe2 h6 19.Nf5 Ne6 20.Nxe7 Kxe7 21.Qg4 Qxc3 22.Ba3+ Kf6
23.Bb4 Qb3 24.Rab1 Qd5 25.Rbd1 Qxg2+ 26.Qxg2 Bxg2 27.Kxg2 Rac8 28.Rd7  1-0

[Event "ch-Moscow S/F 2012"]
[Site "Moscow RUS"]
[Date "2012.02.29"]
[Round "4"]
[White "Tarasov,O"]
[Black "Kovalev,Eg"]
[Result "1-0"]
[WhiteElo "2276"]
[BlackElo "1949"]

1.e4 c5 2.c3 Nf6 3.e5 Nd5 4.d4 cxd4 5.cxd4 d6 6.Nf3 e6 7.Bd3 Be7 8.O-O O-O
9.Nbd2 Nf4 10.Bc2 d5 11.g3 Ng6 12.h4 Re8 13.Re1 Nc6 14.Nf1 b6 15.Bg5 Nf8
16.Rc1 h6 17.Ba4 Nxd4 18.Qxd4 hxg5 19.Bxe8 Qxe8 20.hxg5 Ba6 21.Ne3 Bc5 22.Qg4 Bd3
23.b4 Bxe3 24.Rxe3 Be4 25.Nd2 Bg6 26.Rec3 a5 27.bxa5 bxa5 28.Qd4 Qd8 29.f4 Bh5
30.Nf1 Ng6 31.Ne3 Ne7 32.Rc7 Bg6 33.Qc5 Nf5 34.Nxf5 Bxf5 35.Rc8  1-0

[Event "TCh-ISR 2011-12"]
[Site "Israel ISR"]
[Date "2012.03.02"]
[Round "11.6"]
[White "Boruchovsky,A"]
[Black "Gruenfeld,Y"]
[Result "1/2-1/2"]
[WhiteElo "2329"]
[BlackElo "2480"]

1.e4 c5 2.c3 Nf6 3.e5 Nd5 4.d4 cxd4 5.cxd4 d6 6.Nf3 Nc6 7.Bc4 Nb6 8.Bb5 dxe5
9.Nxe5 Bd7 10.Nxd7 Qxd7 11.Nc3 Rd8 12.O-O e6 13.Qg4 Qxd4 14.Qf3 Nd5 15.Be3 Qf6
16.Qxf6 gxf6 17.Bxa7 Bb4 18.Nxd5 Rxd5 19.Bxc6+ bxc6 20.Rac1 Kd7 21.Be3 Ra8
22.a3 Bd6 23.Rc2 f5 24.f4 Ra4 25.Rc3 Re4 26.b4 Be7 27.Kf2 Bf6 28.Rb3 Bd4
29.Kf3 c5 30.bxc5 Bxc5 31.Rc1 Bxe3 32.Rxe3 Red4 33.Rce1 Ra5 34.g3 Ke7 35.h3 h5
36.h4 Rda4 37.Ra1 f6 38.Rb1 Rxa3 39.Rb7+ Kf8 40.Rh7 Kg8 41.Re7 Rxe3+ 42.Kxe3 e5
43.Rb7 Rd5 44.fxe5 fxe5 45.Re7 Ra5 46.Kf3 Ra3+ 47.Kg2 e4 48.Re5 Rf3 49.Re7  1/2-1/2

[Event "TCh-BEL 2011-12"]
[Site "Belgium BEL"]
[Date "2012.03.04"]
[Round "9.5"]
[White "De Wit,M"]
[Black "Daels,M"]
[Result "1/2-1/2"]
[WhiteElo "2308"]
[BlackElo "2233"]

1.e4 c5 2.c3 Nf6 3.e5 Nd5 4.Nf3 Nc6 5.d4 cxd4 6.cxd4 d6 7.exd6 Qxd6 8.Nc3 g6
9.Bc4 Nxc3 10.bxc3 Bg7 11.O-O O-O 12.a4 Na5 13.Ba2 Bg4 14.h3 Bxf3 15.Qxf3 Rac8
16.Bd5 e6 17.Be4 Rfd8 18.Ba3 Qd7 19.Bb4 Nc6 20.Rfb1 b6 21.a5 Nxb4 22.Rxb4 e5
23.axb6 axb6 24.Rxb6 exd4 25.Rb7 Rc7 26.Raa7 Rxb7 27.Rxb7 Qe6 28.cxd4 Bxd4
29.Rb1  1/2-1/2

[Event "29th Ciocaltea Mem"]
[Site "Bucharest ROU"]
[Date "2012.03.04"]
[Round "3"]
[White "Podinic,V"]
[Black "Doncea,V"]
[Result "1/2-1/2"]
[WhiteElo "2428"]
[BlackElo "2424"]

1.e4 c5 2.c3 Nf6 3.d3 Nc6 4.Nf3 e5 5.g3 d5 6.exd5 Qxd5 7.Bg2 c4 8.O-O Bg4
9.dxc4 Qxd1 10.Rxd1 e4 11.Re1 O-O-O 12.Ng5 Ne5 13.Bf4 Nd3 14.Rf1 Nxf4 15.gxf4 Be2
16.Nxf7 Bxf1 17.Kxf1 Bd6 18.Nd2 Bxf4 19.Nxe4 Nxe4 20.Bxe4 Bxh2 21.Nxd8 Rxd8
22.Bxh7 Rd2 23.Rb1 Bf4 24.a4 b6 25.Bf5+ Kd8 26.b4 Be5 27.Rc1 Ra2 28.Rd1+ Ke7
29.c5 bxc5 30.bxc5 Rxa4 31.Rd7+ Kf6 32.Bd3 Bxc3 33.c6 Ra1+ 34.Kg2 Be5 35.c7 Rc1
36.c8=Q  1/2-1/2

[Event "TCh-CZE Extraliga 2011-12"]
[Site "Czech Republic CZE"]
[Date "2012.03.04"]
[Round "8.5"]
[White "Erneker,J"]
[Black "Leniart,A"]
[Result "0-1"]
[WhiteElo "2251"]
[BlackElo "2459"]

1.e4 c5 2.c3 Nf6 3.e5 Nd5 4.d4 cxd4 5.Nf3 e6 6.cxd4 Be7 7.Bd3 Nc6 8.Nc3 Nxc3
9.bxc3 d6 10.exd6 Qxd6 11.O-O O-O 12.Re1 g6 13.Bg5 Bxg5 14.Nxg5 Qd8 15.h4 Kg7
16.Re3 Ne7 17.Qe1 h6 18.Nf3 Nd5 19.Re5 Nf4 20.Bc2 Qf6 21.Qe4 Nd5 22.c4 Nb4
23.Ba4 Rb8 24.Rb1 Na6 25.g4 b6 26.Bc6 Qd8 27.g5 h5 28.Reb5 Nc7 29.Qe5+ Kg8
30.Ra5 Bb7 31.Bxb7 bxa5 32.Nd2 f6 33.Qe4 Kg7 34.Rb3 fxg5 35.Qe5+ Kg8 36.Ne4 Rf5
37.Qd6 Qxd6 38.Nxd6 Rf4 39.d5 Kf8 40.Re3 exd5 41.cxd5 Rd8 42.Nc8 Rb4 43.Rf3+ Kg7  0-1

[Event "TCh-LTU 2012"]
[Site "Lithuania LTU"]
[Date "2012.03.04"]
[Round "7"]
[White "Beliajev,D"]
[Black "Malisauskas,V"]
[Result "0-1"]
[WhiteElo "2150"]
[BlackElo "2462"]

1.e4 c5 2.c3 Nf6 3.e5 Nd5 4.d4 cxd4 5.Nf3 Nc6 6.cxd4 d6 7.exd6 Qxd6 8.Be2 Bf5
9.O-O e6 10.Nc3 Be7 11.Bg5 Bxg5 12.Nxg5 O-O 13.Bf3 Nxc3 14.bxc3 Rac8 15.Ne4 Bxe4
16.Bxe4 b6 17.Qf3 Ne7 18.Rac1 Rc7 19.h3 Rfc8 20.Bb7 Rd8 21.Be4 Qa3 22.Rc2 h6
23.Rfc1 Nd5 24.Bxd5 Rxd5 25.Qe4 b5 26.Rb1 Rc4 27.Rb4 Rxb4 28.cxb4 g5 29.Rc8+ Kg7
30.Rc7 Qa6 31.g3 Qd6 32.Rxa7 Qb6 33.Ra5 Rxd4 34.Qe5+ Kg6 35.Qxb5 Rd1+ 36.Kg2 Qc7
37.Ra6 Qc2 38.Qe5 Qc4 39.Ra5 Qf1+ 40.Kf3 Rd3+ 41.Qe3 Rxe3+ 42.Kxe3 Qe1+  0-1

[Event "2nd Ferdynanda Dziedzica Mem"]
[Site "Trzcianka POL"]
[Date "2012.03.04"]
[Round "7"]
[White "Dudzinski,Pi"]
[Black "Vovk,Y"]
[Result "1-0"]
[WhiteElo "2300"]
[BlackElo "2570"]

1.e4 c5 2.c3 Nf6 3.e5 Nd5 4.d4 cxd4 5.cxd4 d6 6.exd6 e6 7.Nc3 Nxc3 8.bxc3 Bxd6
9.Nf3 Qc7 10.Bd2 b6 11.Bd3 Bb7 12.O-O Nd7 13.Re1 O-O 14.h3 Bf4 15.Ng5 Nf6
16.Bxf4 Qxf4 17.Re5 h6 18.g3 Qxg5 19.Rxg5 hxg5 20.Qd2 Rac8 21.Rc1 g4 22.hxg4 Nxg4
23.Qf4 Nf6 24.g4 Rfd8 25.g5 Nd5 26.Qe4 g6 27.c4 Ba8 28.Qg4 Ne7 29.Re1 Rc7
30.Re3 Rcd7 31.d5 exd5 32.Rh3 Kf8 33.Rh8+ Ng8 34.c5 bxc5 35.Bxg6 Bc6 36.Qf5 Re8
37.Bh7 Kg7 38.Rxg8+ Rxg8 39.Qf6+ Kxh7 40.Qh6+  1-0

[Event "European Ind w 2012"]
[Site "Gaziantep TUR"]
[Date "2012.03.05"]
[Round "4"]
[White "Skripchenko,A"]
[Black "Ziaziulkina,N"]
[Result "0-1"]
[WhiteElo "2468"]
[BlackElo "2343"]

1.e4 c5 2.c3 Nf6 3.e5 Nd5 4.d4 cxd4 5.Nf3 Nc6 6.cxd4 d6 7.Bc4 dxe5 8.dxe5 Ndb4
9.Qxd8+ Nxd8 10.Na3 Bg4 11.Nd4 a6 12.h3 Bd7 13.O-O e6 14.Rd1 Ndc6 15.Nf3 Bc5
16.Bf4 b5 17.Bb3 Na5 18.Rac1 Nxb3 19.axb3 Rc8 20.Be3 Bxe3 21.fxe3 Ke7 22.Rc3 Rhd8
23.Nb1 a5 24.Nd4 Na6 25.Rxc8 Rxc8 26.Nc3 Rc5 27.Nf3 Nb4 28.Rd2 Bc6 29.e4 Bb7
30.Nd4 Ba6 31.Rd1 Nc6 32.Nxc6+ Rxc6 33.Kf2 b4 34.Na4 Rc2+ 35.Kg3 Bb5 36.Rd6 Bf1
37.Rb6 Rxg2+ 38.Kf3 Rd2 39.Nc5 Bxh3 40.Rb7+ Ke8 41.Ra7 Rxb2 42.Rxa5 h5 43.Kg3 Bg4
44.Ra8+ Ke7 45.Ra7+ Ke8 46.Ra8+ Ke7 47.Ra7+ Kd8 48.Rxf7 g5 49.Rg7 Rc2 50.Nb7+ Kc8
51.Nd6+ Kb8 52.Rxg5 Rc3+ 53.Kf2 Rxb3 54.Rg7 Rf3+ 55.Ke1 b3 56.Kd2 Rg3 57.Rh7 Ka8
58.Nc4 Rg2+ 59.Kc3 Bd1 60.Rd7 Bc2 61.Rh7 Rh2 62.Kd4 Re2 63.Kc5 Bxe4 64.Rxh5 b2
65.Nxb2 Rxb2 66.Kd6 Rb6+ 67.Ke7 Kb7 68.Rh3 Bd5 69.Rc3 Rc6 70.Ra3 Kb6 71.Ra1 Kc5
72.Rc1+ Bc4 73.Rd1 Rb6 74.Rd6 Bd5 75.Rd7 Kd4 76.Kf6 Rb1  0-1

[Event "29th Ciocaltea Mem"]
[Site "Bucharest ROU"]
[Date "2012.03.06"]
[Round "5"]
[White "Podinic,V"]
[Black "Vedmediuc,S"]
[Result "1/2-1/2"]
[WhiteElo "2428"]
[BlackElo "2459"]

1.e4 c5 2.c3 Nf6 3.d3 Nc6 4.f4 d6 5.Nf3 g6 6.g3 Bg7 7.Bg2 O-O 8.O-O Rb8 9.a4 a6
10.Kh1 b5 11.axb5 axb5 12.Be3 b4 13.Bg1 Qb6 14.Nbd2 bxc3 15.bxc3 Qb2  1/2-1/2

[Event "Reykjavik Open"]
[Site "Reykjavik ISL"]
[Date "2012.03.06"]
[Round "1.10"]
[White "Baklan,V"]
[Black "Stam,B"]
[Result "1-0"]
[WhiteElo "2612"]
[BlackElo "2048"]

1.e4 c5 2.c3 Nf6 3.e5 Nd5 4.Nf3 d6 5.Bc4 Nb6 6.Bb3 Nc6 7.exd6 e6 8.d4 Bxd6
9.O-O cxd4 10.cxd4 O-O 11.Nc3 Nb4 12.Ne5 f6 13.Nd3 Nc6 14.Be3 Kh8 15.Nc5 e5
16.dxe5 Nxe5 17.Nb5 Be7 18.Qxd8 Rxd8 19.Rac1 Nd5 20.Bxd5 Rxd5 21.Nc7 Rxc5
22.Bxc5  1-0

[Event "29th Ciocaltea Mem"]
[Site "Bucharest ROU"]
[Date "2012.03.08"]
[Round "7"]
[White "Podinic,V"]
[Black "Anton,T"]
[Result "1/2-1/2"]
[WhiteElo "2428"]
[BlackElo "2403"]

1.e4 c5 2.c3 Nf6 3.d3 Nc6 4.f4 d6 5.Nf3 g6 6.g3 Bg7 7.Bg2 O-O 8.O-O c4 9.e5 dxe5
10.fxe5 Nd5 11.dxc4 Qb6+ 12.Kh1 Ne3 13.Bxe3 Qxe3 14.Re1 Qb6 15.Qb3 Qc7 16.Na3 a6
17.c5 Nxe5 18.Nxe5 Bxe5 19.Qb6 Be6 20.Qxc7 Bxc7 21.Nc2 Rae8 22.Nb4 Rb8 23.Rad1 Rfd8
24.Rxd8+ Bxd8 25.Rd1 a5 26.Nd5 Kf8 27.b4 Ke8 28.a3 Bd7 29.Nb6 Bxb6 30.cxb6 axb4
31.cxb4 Ra8 32.Bxb7 Rb8 33.Bd5 e6 34.Bf3 Rxb6 35.Kg1 f5 36.Be2 Rb7 37.Kf2 Ke7
38.Ke3 Ra7 39.Rd3 e5 40.a4 g5 41.a5 Bc6 42.Ra3 f4+ 43.Kd2 Rb7 44.gxf4 gxf4
45.b5 Bxb5 46.Bxb5 Rxb5 47.a6 Rb8 48.a7 Ra8 49.Ra6 Kf7 50.Kd3 f3 51.Ke3 e4
52.h4 Kg7 53.h5 h6 54.Ra2 Kh7 55.Kxe4 f2  1/2-1/2

[Event "83rd ch-GER 2012"]
[Site "Osterburg GER"]
[Date "2012.03.08"]
[Round "7"]
[White "Feuerstack,A"]
[Black "Mueller,Oli"]
[Result "1/2-1/2"]
[WhiteElo "2438"]
[BlackElo "2327"]

1.e4 c5 2.c3 Nf6 3.e5 Nd5 4.Nf3 Nc6 5.Bc4 Nb6 6.Bb3 c4 7.Bc2 d6 8.exd6 e5
9.O-O Bxd6 10.b3 Be6 11.Re1 cxb3 12.axb3 h6 13.Na3 a6 14.d4 Qc7 15.d5 Bxd5
16.Nb5 axb5 17.Rxa8+ Nxa8 18.Qxd5 b4 19.c4 Nb6 20.Qe4 Nd7 21.Nh4 Nc5 22.Qg4 Ne6
23.Nf5 Bf8 24.Bb2 g6 25.Ne3 Qe7 26.Nd5 Qg5 27.Qd1 Bc5 28.Qa1 O-O 29.Rxe5 Nxe5
30.Bxe5 f5 31.Nf6+ Kf7 32.Nh7 Qd2 33.Nxf8 Qxf2+ 34.Kh1 Nxf8 35.Qd1 Ke8 36.Bg3 Qe3
37.Qe1 Qxe1+ 38.Bxe1 Ne6 39.Bd2 h5 40.g3 Kf7 41.Kg2 Kf6 42.Bf4 b6 43.Bd1 Nd4
44.h3 Ne6 45.Bb8 Bd4 46.Bd6 Bc5 47.Bb8 Nd4 48.Bc7 Ke6 49.Kf1 b5 50.cxb5 Nxb5
51.Bf4 Bd6 52.Be2 Bxf4 53.Bxb5 Bxg3 54.Be8 Kf6 55.Kg2 Be1 56.Kf3 Bc3 57.Kg2 Bd2
58.Kf3 h4 59.Ke2 Bc3 60.Kf3 g5 61.Bd7 Ke5 62.Bc8 Bd4 63.Bd7 Bc5 64.Bc8 Be7
65.Bd7 Bf6 66.Bc8 Bd8 67.Bd7 Be7 68.Bc8 g4+ 69.hxg4 f4 70.g5 Bxg5 71.Kg4 Be7
72.Bb7 Kd4 73.Kxf4 Kc3 74.Bd5  1/2-1/2

[Event "12th Mediterranean Flower WGM"]
[Site "Rijeka CRO"]
[Date "2012.03.08"]
[Round "8"]
[White "Yordanova,S"]
[Black "Partac,E"]
[Result "1/2-1/2"]
[WhiteElo "2116"]
[BlackElo "2086"]

1.e4 c5 2.c3 Nf6 3.e5 Nd5 4.Nf3 e6 5.d4 cxd4 6.cxd4 d6 7.Bc4 Be7 8.O-O O-O
9.Qe2 Nc6 10.Nc3 Nxc3 11.bxc3 dxe5 12.dxe5 Qa5 13.Bd2 Rd8 14.Rfd1 b6 15.Bd3 Bb7
16.c4 Qa3 17.Bc1 Qa4 18.Bg5 Nd4 19.Nxd4 Bxg5 20.Qg4 Bh6 21.Nb5 Rab8 22.Qh4 a6
23.Bc2 Rxd1+ 24.Rxd1 g5 25.Qxh6 Qxc2 26.Qxg5+ Qg6 27.Qxg6+ hxg6 28.Nd6 Bc6
29.Rb1 Kf8 30.f4 Ke7 31.Rxb6 Rxb6 32.Nc8+ Kd8 33.Nxb6 Kc7 34.c5 Bb5 35.Kf2 Kc6
36.a4 Bd3 37.Ke3 Bf1 38.Kd4 Bxg2 39.Nc8 Kd7 40.Nd6 Bc6 41.Nxf7 Ke7 42.Nd6 Bxa4
43.Kc4 Kd7 44.Kb4 Bc2 45.Nc4 Be4 46.h4 Kc6 47.Na5+ Kc7 48.Nb3 Kc6 49.Nd4+ Kd5
50.Nb3 Kc6 51.Na5+ Kc7 52.Kc4 Bf3 53.Kd4 Bg2 54.Ke3 Bd5 55.Kf2 Be4 56.Kg3 Bf5
57.Kf3 Bh3 58.Ke4 Bg2+ 59.Kd4 Bf3 60.Kc4 Be4 61.Kb4 Bd5 62.Kc3 Kd7 63.Kd4 Bg2
64.Nb3 Kc6 65.Na5+ Kb5 66.Nc4 a5 67.f5 exf5 68.e6 Bc6 69.e7 a4 70.Ne5 Be8
71.c6 Kb6 72.Kc4 f4 73.Kb4 f3 74.Nxf3 Kxc6 75.Ne5+ Kd6 76.Nxg6 Bxg6 77.Kxa4 Kxe7  1/2-1/2

[Event "36th Blackpool Open"]
[Site "Blackpool ENG"]
[Date "2012.03.09"]
[Round "1"]
[White "Cherniaev,A1"]
[Black "Jackson,O"]
[Result "1-0"]
[WhiteElo "2488"]
[BlackElo "2192"]

1.e4 c5 2.c3 Nf6 3.d3 Nc6 4.f4 d6 5.Nf3 g6 6.Na3 Bg7 7.Be2 O-O 8.O-O Rb8
9.Kh1 b5 10.Nc2 b4 11.c4 e6 12.Qe1 d5 13.e5 Nd7 14.cxd5 exd5 15.d4 cxd4 16.Ncxd4 Nxd4
17.Nxd4 Qb6 18.Be3 Ba6 19.Nf5 Qe6 20.Nxg7 Kxg7 21.Bxa7 Bxe2 22.Qxe2 Rbc8
23.Bd4 Rc4 24.Qe3 Rfc8 25.h3 Kf8 26.b3 Rc2 27.Qe1 Qf5 28.Qxb4+ Kg8 29.Qe1 Nf8
30.Qe3 Ne6 31.Kh2 h5 32.a4 Qe4 33.Qxe4 dxe4 34.Be3 R8c3 35.Rf2 Rxf2 36.Bxf2 Rxb3
37.a5 e3 38.Bg3 Nc7 39.a6 Rb8 40.f5 Ra8 41.e6 Nxa6 42.e7 Re8 43.Rxa6 Rxe7
44.fxg6 f5 45.Rf6 e2 46.Rxf5 Kg7 47.Be1 Kxg6 48.Rf3 Kg5 49.Kg1  1-0

[Event "European Ind w 2012"]
[Site "Gaziantep TUR"]
[Date "2012.03.09"]
[Round "7"]
[White "Mikadze,M"]
[Black "Seps,M"]
[Result "1/2-1/2"]
[WhiteElo "2329"]
[BlackElo "2208"]

1.e4 c5 2.c3 Nf6 3.e5 Nd5 4.d4 cxd4 5.Qxd4 e6 6.Nf3 Nc6 7.Qe4 f5 8.Qe2 b5
9.g3 a5 10.Bg2 Be7 11.O-O O-O 12.Rd1 Ba6 13.Nbd2 b4 14.c4 Qc7 15.Qe1 Nb6
16.b3 a4 17.Nf1 Na5 18.Nd4 Bb7 19.Nb5 Qb8 20.Rb1 Bxg2 21.Kxg2 Bc5 22.Nd6 Nc8
23.Be3 Bxd6 24.exd6 Nc6 25.Qe2 Nxd6 26.f3 Rf7 27.Bf4 e5 28.Be3 Ne8 29.c5 Qb7
30.Nd2 axb3 31.axb3 d5 32.cxd6 Nxd6 33.Nc4 Nxc4 34.Qxc4 Ra2+ 35.Kg1 h6 36.Rd5 Kh7
37.Rf1 Rd7 38.Rb5 Qa6 39.Qe6 Nd4 40.Qxa6 Rxa6 41.Bxd4  1/2-1/2